Every Class 1 Tennessee Senator - Statistics

General Stats
  • This quiz has been taken 25 times
    13 since last reset
  • The average score is 8 of 31
Answer Stats
Picture Hint Answer % Correct
R(1797-1798) Andrew Jackson
100%
D(1875-1875) Andrew Johnson
100%
D(1857-1866) Andrew Johnson
100%
R(2007-2019) Bob Corker
100%
D(1881-1886) Howell E. Jackson
100%
R(2019-) Marsha Blackburn
100%
D(1953-1971) Al Gore Sr.
50%
R(1798-1799) Daniel Smith
50%
D(1977-1995) James R. Sasser
50%
R(1995-2007) William H. Frist
50%
D(1840-1843) Alfred O.P. Nicholson
0%
D(1875-1877) David M. Key
0%
D(1866-1869) David T. Patterson
0%
W(1843-1845) Ephraim H. Foster
0%
W(1838-1839) Ephraim H. Foster
0%
D(1839-1840) Felix Grundy
0%
D(1829-1838) Felix Grundy
0%
R(1815-1818) George W. Campbell
0%
D(1845-1851) Hopkins L. Turney
0%
OP(1851-1857) James C. Jones
0%
D(1905-1911) James D. Frazier
0%
D(1877-1881) James E. Bailey
0%
R(1818-1829) John H. Eaton
0%
R(1799-1815) Joseph Anderson
0%
D(1917-1953) Kenneth D. McKellar
0%
D(1911-1917) Luke Lea
0%
D(1886-1887) Washington C. Whitthorne
0%
D(1887-1905) William B. Bate
0%
R(1796-1797) William Cocke
0%
R(1971-1977) William E. Brock III
0%
R(1869-1875) William G. Brownlow
0%
No matching quizzes found
Score Distribution
Percent of People with Each Score
Percentile by Number Answered
Your Score History
You have not taken this quiz since the last reset